000 00556nam a2200193Ia 4500
005 20250326143113.0
008 250326s9999 xx 000 0 und d
020 _a0-534-38777-2
037 _aTextbook
040 _aFMSL
_beng
_cFMSL
041 _aeng
_2eng
084 _aB28 P2
_qFMSL
100 _aMendenhall W
_9736205
245 0 _aBrief Introduction to Probability and Statistics
_cMendenhall W; Beaver R J
260 _aUSA
_bUSA, Thomson Learning
_c2002
300 _axiii,617.
942 _cTB
_hB28 P2
999 _c1298113
_d1298113